000 00446nam a2200157 i 4500
001 74314
003 ES-MaACL
005 20230906172103.0
007 t|
008 040917s1967 sp ||||1| spa d
100 1 _aGonzález Garcés, Miguel.
_958644
245 1 3 _aEl cuervo en la ventana /
_cMiguel González Garcés.
260 _a[Vigo :
_bs.n.,
_c1961] (
_fFaro de Vigo)
300 _a149 p. ;
_c22 cm.
852 _aES-MaACL
_jC-31599
_bR.62052
999 _c74314
_d74314